Salvation by grace : (Record no. 8515)

MARC details
000 -LEADER
fixed length control field 01079nam a22002297a 4500
003 - CONTROL NUMBER IDENTIFIER
control field GBCCL
005 - DATE AND TIME OF LATEST TRANSACTION
control field 20241126110652.0
008 - FIXED-LENGTH DATA ELEMENTS--GENERAL INFORMATION
fixed length control field 210311b ||||| |||| 00| 0 eng d
020 ## - INTERNATIONAL STANDARD BOOK NUMBER
International Standard Book Number 9781596386433 (pbk.)
020 ## - INTERNATIONAL STANDARD BOOK NUMBER
International Standard Book Number 9781596386440 (ePub)
040 ## - CATALOGING SOURCE
Transcribing agency gbc
082 ## - DEWEY DECIMAL CLASSIFICATION NUMBER
Classification number 234
Item number BAR
100 ## - MAIN ENTRY--PERSONAL NAME
Personal name Barrett, Matthew,
Dates associated with a name 1982-
9 (RLIN) 14974
245 ## - TITLE STATEMENT
Title Salvation by grace :
Remainder of title the case for effectual calling and regeneration /
Statement of responsibility, etc. Matthew Barrett.
260 ## - PUBLICATION, DISTRIBUTION, ETC.
Place of publication, distribution, etc. Phillipsburg, New Jersey :
Name of publisher, distributor, etc. P & R Publishing,
Date of publication, distribution, etc. [2013]
300 ## - PHYSICAL DESCRIPTION
Extent xxix, 388 pages ;
Other physical details 23 cm
505 ## - FORMATTED CONTENTS NOTE
Formatted contents note The contemporary debate -- Monergism in the Calvinist tradition -- Total depravity and the bondage of the will -- The scriptural affirmation of effectual calling -- The scriptural affirmation of monergistic regeneration -- Arminian synergism in theological perspective -- The inadequacy of Arminian synergism -- The failure of recent attempts at a middle way.
650 ## - SUBJECT ADDED ENTRY--TOPICAL TERM
Topical term or geographic name entry element Salvation -- Christianity.
9 (RLIN) 13195
650 ## - SUBJECT ADDED ENTRY--TOPICAL TERM
Topical term or geographic name entry element Grace (Theology)
9 (RLIN) 2990
650 ## - SUBJECT ADDED ENTRY--TOPICAL TERM
Topical term or geographic name entry element Regeneration (Theology)
9 (RLIN) 451
942 ## - ADDED ENTRY ELEMENTS (KOHA)
Source of classification or shelving scheme Dewey Decimal Classification
Koha item type Books
Koha issues (borrowed), all copies 2
Holdings
Withdrawn status Lost status Source of classification or shelving scheme Damaged status Not for loan Home library Current Library Shelving location Date acquired Total checkouts Full call number Barcode Date last seen Date last checked out Copy number Price effective from Koha item type
    Dewey Decimal Classification     GRACE BIBLE COLLEGE GRACE BIBLE COLLEGE Theology 2021-03-11 4 234 BAR 020157 2026-02-03 2026-01-27 c.1 2021-03-11 Books
© Grace Bible College Library 2025